000 00298nam a22001217a 4500
008 180518b xxu||||| |||| 00| 0 eng d
041 _aeng
080 _a043.3
100 _a0
101 _aMBE-MTH
245 _aBarrierat e ndërmarrjeve e vogla dhe mesme në Kosovë
_cHyseni,A
942 _2udc
_cBK
999 _c45983
_d45983